Thermochemical conversion of Chlorella spp. into biochar and its potential environmental applications /
Saved in:
| Main Author: | |
|---|---|
| Format: | Thesis Book |
| Language: | English |
| Published: |
2021.
|
| Subjects: | |
| Tags: |
Add Tag
No Tags, Be the first to tag this record!
|
| LEADER | 01420nam a2200397 i 4500 | ||
|---|---|---|---|
| 001 | u1148962 | ||
| 003 | SIRSI | ||
| 005 | 202110201446 | ||
| 008 | 211020s2021 my a m 000 0 eng | ||
| 040 | |a UMM |e rda | ||
| 090 | |a QH302 |b UMP 2021 Yu | ||
| 100 | 1 | |a Yu, Kai Ling, |e author. | |
| 245 | 1 | 0 | |a Thermochemical conversion of Chlorella spp. into biochar and its potential environmental applications / |c Yu Kai Ling. |
| 264 | 1 | |c 2021. | |
| 300 | |a xxi, 160 leaves : |b illustrations ; |c 30 cm | ||
| 336 | |a text |2 rdacontent | ||
| 336 | |a still image |2 rdacontent | ||
| 337 | |a unmediated |2 rdamedia | ||
| 337 | |a computer |2 rdamedia | ||
| 338 | |a volume |2 rdacarrier | ||
| 338 | |a computer disc |2 rdacarrier | ||
| 502 | |b Ph.D. |c Institut Sains Biologi, Fakulti Sains, Universiti Malaya |d 2021. | ||
| 504 | |a Bibliography: leaves 122-142. | ||
| 530 | |a Also issued in CD. | ||
| 650 | 0 | |a Microalgae. | |
| 650 | 0 | |a Chlorella. | |
| 650 | 0 | |a Biochar. | |
| 650 | 0 | |a Biomass. | |
| 650 | 0 | |a Pyrolysis. | |
| 650 | 0 | |a Thermochemistry. | |
| 650 | 0 | |a Sustainable development. | |
| 650 | 0 | |a Algal biofuels. | |
| 710 | 2 | |a Universiti Malaya. |b Institut Sains Biologi, |e degree granting institution. | |
| 900 | |a NNANS US | ||
| 596 | |a 1 | ||
| 999 | |a QH302 UMP 2021 YU |w LC |c 1 |i A517081320 |f 22/11/2021 |g 1 |l RESTRICTED |m P01UTAMA |r Y |s Y |t TESIS |u 22/11/2021 |1 STEM |o .PUBLIC. Embargoed until 31.12.2023 |o .STAFF. Item kept in BPM 22.11.2021-nha | ||
